000 00945cam a2200265Mi 4500
999 _c4834
_d4834
001 ocn317588232
003 TZ-ArACH
005 20201006154930.0
008 090319s2009 fr 000 0 fre d
020 _a9782233004253
020 _a223300549X
035 _a(OCoLC)317588232
040 _aTZT
_beng
_cTZ-ArACH
_dOCLCQ
041 _aFre, Eng
049 _aTZAA
050 _aKZ24
_b.I47 2003 (70-I)
110 2 _aInstitut de droit international = Institute of international law.
_97656
245 1 0 _aAnnuaire de l'Institut de Droit international, Vol. 70 Tome 1, 2002-2003 (Session de Bruges) /
_bSession de Bruges, Justia et Pace,
_pPremière partie:travaux préparatoires /
_cInstitut de droit international.
260 _aParis :
_bPedone,
_c2003.
300 _a576 p.
_c23 cm.
650 _2International law
_vCongresses
_97657
650 _2Droit International
_vCongrès
_97659
653 _aInternational law
942 _2lcc
_cBOOK